000 00689nam a2200205 a 4500
001 000009231
005 20240412074210.0
008 090929s2002 dr a 000 p spa d
040 _aDO-SdBNP
_bspa
_cBNPHU
082 _aRD861.44
_bA473s
100 1 _aAlvárez José Antonio,
_d1949-
_923928
245 1 0 _aSencillamente humano /
_cJosé Antonio Alvárez ; prólogo Vinicio Disla.
260 _aSanto Domingo :
_bFundación Falconbridge,
_c2002.
300 _a57 p. :
_bil. ;
_c23 cm.
590 _aInventariado, 2018/VM
650 0 _aPoesía dominicana
_966
650 0 _aLiteratura dominicana.
_967
700 1 2 _aDisla, Vinicio,
_epról.
_923929
910 _aValidado. Control de calidad MFF
999 _c8994
_d8994